Satunnaiset maat hiiren metsästys! - Statistics

Yleistilastot
  • Tätä visaa on pelattu 54 kertaa
  • Keskiarvotulos 5 / 10
Vastaukset kartalla
Vastauksille on annettu kartalla punavihreä väri sen mukaan, kuinka moni on saanut sen oikein.
 
Vastaustilastot
Maa % Oikein
Alankomaat
100%
Argentiina
100%
Bangladesh
100%
Bosnia ja Hertsegovina
100%
Brasilia
100%
Bulgaria
100%
Ecuador
100%
Egypti
100%
Etelä-Afrikka
100%
Etelä-Sudan
100%
Etiopia
100%
Filippiinit
100%
Ghana
100%
Guatemala
100%
Guinea
100%
Haiti
100%
Indonesia
100%
Israel
100%
Itävalta
100%
Japani
100%
Jemen
100%
Kanada
100%
Kazakstan
100%
Keski-Afrikan tasavalta
100%
Kiina
100%
Kolumbia
100%
Kosovo
100%
Laos
100%
Latvia
100%
Liberia
100%
Liettua
100%
Madagaskar
100%
Mauritania
100%
Myanmar
100%
Niger
100%
Nigeria
100%
Norja
100%
Portugali
100%
Ranska
100%
Romania
100%
Ruotsi
100%
Saksa
100%
Salomonsaaret
100%
Saudi-Arabia
100%
Suriname
100%
Tadžikistan
100%
Thaimaa
100%
Turkki
100%
Unkari
100%
Uzbekistan
100%
Valko-Venäjä
100%
Yhdysvallat
100%
Venezuela
80%
Pohjois-Korea
75%
Botswana
67%
Espanja
67%
Libya
67%
Sambia
67%
Turkmenistan
67%
Uruguay
67%
Angola
50%
Burkina Faso
50%
Fidži
50%
Georgia
50%
Kambodža
50%
Kap Verde
50%
Kenia
50%
Kirgisia
50%
Malta
50%
Marokko
50%
Mikronesia
50%
Mosambik
50%
Nauru
50%
Nepal
50%
São Tomé ja Príncipe
50%
Senegal
50%
Togo
50%
Vanuatu
50%
Viro
50%
Afganistan
0%
Albania
0%
Algeria
0%
Armenia
0%
Australia
0%
Azerbaidžan
0%
Bahama
0%
Belgia
0%
Belize
0%
Benin
0%
Bhutan
0%
Bolivia
0%
Brunei
0%
Burundi
0%
Chile
0%
Costa Rica
0%
Djibouti
0%
Dominikaaninen tasavalta
0%
El Salvador
0%
Eritrea
0%
Etelä-Korea
0%
Gabon
0%
Gambia
0%
Guinea-Bissau
0%
Guyana
0%
Honduras
0%
Intia
0%
Irak
0%
Iran
0%
Irlanti
0%
Islanti
0%
Italia
0%
Itä-Timor
0%
Jamaika
0%
Jordania
0%
Kamerun
0%
Kiribati
0%
Komorit
0%
Kongon demokraattinen tasavalta
0%
Kongon tasavalta
0%
Kreikka
0%
Kroatia
0%
Kuuba
0%
Kuwait
0%
Kypros
0%
Lesotho
0%
Libanon
0%
Luxemburg
0%
Malawi
0%
Malediivit
0%
Malesia
0%
Mali
0%
Marshallinsaaret
0%
Mauritius
0%
Meksiko
0%
Moldova
0%
Mongolia
0%
Montenegro
0%
Namibia
0%
Nicaragua
0%
Norsunluurannikko
0%
Oman
0%
Päiväntasaajan Guinea
0%
Pakistan
0%
Palau
0%
Panama
0%
Papua-Uusi-Guinea
0%
Paraguay
0%
Peru
0%
Pohjois-Makedonia
0%
Puola
0%
Qatar
0%
Ruanda
0%
Samoa
0%
Serbia
0%
Seychellit
0%
Sierra Leone
0%
Slovakia
0%
Slovenia
0%
Somalia
0%
Sri Lanka
0%
Sudan
0%
Suomi
0%
Sveitsi
0%
Swazimaa
0%
Syyria
0%
Taiwan
0%
Tansania
0%
Tanska
0%
Tonga
0%
Trinidad ja Tobago
0%
Tšad
0%
Tšekki
0%
Tunisia
0%
Tuvalu
0%
Uganda
0%
Ukraina
0%
Uusi-Seelanti
0%
Venäjä
0%
Vietnam
0%
Yhdistyneet arabiemiirikunnat
0%
Yhdistynyt kuningaskunta
0%
Zimbabwe
0%
Ehtoja vastaavia visoja ei löytynyt
Tulosjakauma
Jokaisen tuloksen saaneiden osuus
Persentiili vastausten määrän mukaan
Tuloshistoriasi
Et ole pelannut tätä visaa